• 首页
  • 本馆介绍
  • 公告通知
  • 最新文献
  • 馆藏检索
  • 电子资源
  • 读者导购
  • 参考咨询
  • 我的图书馆
  • 登录
  • 详细信息显示
  • 放入我的书架
  • 预约/预借图书
  • 作者相关作品
  • 分类相关作品
  • 丛书相关作品
  • 出版社相关作品

书目信息

  • 表格格式
  • 工作单格式
  • 卡片格式
题名:
财务成本管理
    
 
作者: 陈华亭 主编 ;中华会计网校 编
分册:  
出版信息: 北京   中国财政经济出版社  2009.04
页数: 263页
开本: 26cm
丛书名: 2009年度注册会计师全国统一考试梦想成真系列辅导书
单 册:
中图分类: F275.3 , F275.3-44
科图分类:
主题词: 会计师--kuai ji shi--考核--自学参考资料 , 企业管理--qi ye guan li--成本管理--考核--解题 , 企业经济
电子资源:
ISBN: 978-7-5095-1357-6
000 01397nam 2200289 450
001 0000185271
005 20100623120338.0
010    @a978-7-5095-1357-6@dCNY40.00
100    @a20100913d2009 km y0chiy0120 ea
101 0  @achi
102    @aCN@b110000
105    @ak z 000yy
200 1  @a财务成本管理@9cai wu cheng ben guan li@f中华会计网校编@g陈华亭主编
210    @a北京@c中国财政经济出版社@d2009.04
215    @a263页@d26cm
225 2  @a2009年度注册会计师全国统一考试梦想成真系列辅导书@92009 nian du zhu ce kuai ji shi quan guo tong yi kao shi meng xiang cheng zhen xi lie fu dao shu@i经典题解
330    @a本书紧扣大纲指导性强,对最新考试大纲认真分析研究,全面体现大纲中的考点、重点、难点;重点讲解丝丝入扣,对教材中的重要内容进行全面深刻的讲解,点面结合,题目新颖解析详细,根据大纲和教材编写大量新颖实用的例题和习题,并有详尽解析,有助考生理解知识点,考情考点预测准确,凝聚中华会计网校辅导专家多年教学研究成果,考情分析透彻、精炼,考点预测准确、权威。
410  0 @12001 @a2009年度注册会计师全国统一考试梦想成真系列辅导书@i经典题解
606 0  @a会计师@9kuai ji shi@x考核@j自学参考资料
606 0  @a企业管理@9qi ye guan li@x成本管理@x考核@j解题
606 0  @a企业经济
690    @aF275.3@v5
690    @aF275.3-44@v5
701  0 @a陈华亭@9chen hua ting@4主编
711 02 @a中华会计网校@9zhong hua kuai ji wang xiao@4编
905    @aBZT@dF275.3@e8
906    @dCNY40.00@n0@r1
    
    财务成本管理/中华会计网校编/陈华亭主编.-北京:中国财政经济出版社,2009.04
    263页;26cm.-(2009年度注册会计师全国统一考试梦想成真系列辅导书.经典题解)
    
    
    ISBN 978-7-5095-1357-6:CNY40.00
    本书紧扣大纲指导性强,对最新考试大纲认真分析研究,全面体现大纲中的考点、重点、难点;重点讲解丝丝入扣,对教材中的重要内容进行全面深刻的讲解,点面结合,题目新颖解析详细,根据大纲和教材编写大量新颖实用的例题和习题,并有详尽解析,有助考生理解知识点,考情考点预测准确,凝聚中华会计网校辅导专家多年教学研究成果,考情分析透彻、精炼,考点预测准确、权威。
●
相关链接 在五车中查询图书 在当当中查询图书 在豆瓣中查询图书


正题名:财务成本管理     索取号:F275.3/8         预约/预借

序号 登录号 条形码 馆藏地/架位号 状态 备注
1 761468   2000761468   中心书库北库/ 北库014架A面5列1层54/ [索取号:F275.3/8] 在馆    
2 761469   2000761469   中心书库北库/ 北库014架A面5列1层55/ [索取号:F275.3/8] 在馆    
3 761470   2000761470   中心书库北库/ 北库014架A面5列1层56/ [索取号:F275.3/8] 在馆    
4 761471   2000761471   中心书库北库/ 北库014架A面5列1层57/ [索取号:F275.3/8] 在馆    
5 761472   2000761472   中心书库北库/ 北库014架A面5列1层58/ [索取号:F275.3/8] 在馆    
6 761473   2000761473   中心书库北库/ 北库014架A面4列1层37/ [索取号:F275.3/8] 在馆    
7 761474   2000761474   中心书库北库/ 北库014架A面4列1层38/ [索取号:F275.3/8] 在馆    
8 761475   2000761475   中心书库北库/ 北库014架A面5列1层51/ [索取号:F275.3/8] 在馆    
9 761476   2000761476   中心书库北库/ 北库014架A面5列1层52/ [索取号:F275.3/8] 在馆    
10 761477   2000761477   中心书库北库/ 北库014架A面5列1层53/ [索取号:F275.3/8] 在馆    
山东省滨州职业学院图书馆 欢迎您!
大连网信软件有限公司© 版权所有